Introducing Robotic Process Automation to Your Organization : A guide for business leaders

Đã lưu trong:
Sonraí Bibleagrafaíochta
Príomhúdar: Fantina,Robert
Formáid: Sách
Teanga:Undetermined
Foilsithe: Apress 2022
Ábhair:
Clibeanna: Cuir Clib Leis
Gan Chlibeanna, Bí ar an gcéad duine leis an taifead seo a chlibeáil!
Thư viện lưu trữ: Trung tâm Thư viện - Trường Đại học Công nghiệp TP. Hồ Chí Minh
LEADER 00473nam a2200145Ia 4500
001 UIH_00074
008 230809s9999 xx 000 0 und d
100 |a Fantina,Robert 
245 0 |a Introducing Robotic Process Automation to Your Organization : A guide for business leaders 
245 0 |c Fantina,Robert 
260 |b Apress 
260 |c 2022 
650 |a Robotic; 
927 |a Sách 
980 |a Trung tâm Thư viện - Trường Đại học Công nghiệp TP. Hồ Chí Minh